Misteri kubah didasar laut

Bibliographic Details
Main Author: Mohamad Amli Ghazali
Format: Book
Published: Selangor : Yamani Angle Publisher , 2014
Series:Siri cerita akhlak mulia
Subjects:

MARC

LEADER 00000cam a2200000 7i4500
001 0000043730
005 20151222.0
008 141204
020 |a 9670525174 
090 0 0 |a JF MOR   |b MAL 
100 1 |a Mohamad Amli Ghazali 
245 1 0 |a Misteri kubah didasar laut   |c Mohamad Amli Ghazali 
260 |a Selangor :   |b Yamani Angle Publisher ,   |c 2014 
490 1 |a Siri cerita akhlak mulia 
500 |a Children ages 7-9 years old (orange) 
650 0 |a Akhlak stories   |x Malay... 
650 0 |a Children's   |x Fiction... 
999 |a 0001310682   |b Book   |c Children Collection   |e Cawangan AEON Kulaijaya 
999 |a 0001310683   |b Book   |c Children Collection   |e Perbadanan Perpustakaan Awam Johor 
999 |a 0001310684   |b Book   |c Children Collection   |e Cawangan Urban Transformation Centre 
999 |a 0001311715   |b Book   |c Children Collection   |e Cawangan Taman Universiti 
999 |a 0001311724   |b Book   |c Children Collection   |e Cawangan Mersing